[Event "24. OSREDNJA SLOVENSKA LIGA 2023"]
[Site "gostovanja"]
[Date "2023.10.26"]
[Round "6.3"]
[White "Smirnov, Maksim"]
[Black "Krumpak, Hinko"]
[Result "0-1"]
[WhiteElo "1491"]
[BlackElo "2008"]
[PlyCount "114"]
[EventDate "2023.10.26"]
[WhiteTeam "DRUSTVO TOMO ZUPAN"]
[BlackTeam "SK TRZIN BUSCOTRADE"]

1. d4 d6 2. Bf4 g6 3. Nf3 Bg7 4. e3 c5 5. c3 Qb6 6. Qb3 Qxb3 7. axb3 cxd4 8.
exd4 Nf6 9. Na3 O-O 10. Nb5 Na6 11. Bd3 Nd5 12. Bg3 Ndc7 13. Nxc7 Nxc7 14. O-O
Bd7 15. Rfe1 Bf6 16. Bh4 Bxh4 17. Nxh4 Rfe8 18. f4 Nd5 19. g3 a5 20. Be4 Bc6
21. f5 Kf8 22. Ng2 Nf6 23. Bc2 b6 24. Ne3 Rab8 25. Nc4 Bd5 26. Ne3 Be4 27. fxg6
hxg6 28. Bxe4 Nxe4 29. Nd5 Ng5 30. Kg2 Ne6 31. Rf1 Rb7 32. Rf2 Nc7 33. Nxc7
Rxc7 34. Re1 Kg7 35. Rfe2 e6 36. g4 Rce7 37. Rd1 f5 38. gxf5 exf5 39. Rxe7+
Rxe7 40. Kf3 g5 41. Rd2 Kf6 42. h3 Re4 43. Rg2 Re1 44. Rf2 Rh1 45. Kg2 Re1 46.
Kf3 Rh1 47. Kg2 Rb1 48. Kf3 Rh1 49. Kg2 Re1 50. Kf3 f4 51. h4 Kf5 52. hxg5 Re3+
53. Kg2 Kxg5 54. Kf1 Rh3 55. Ke2 Kf5 56. Ke1 Kg4 57. Re2 Re3 0-1

[Event "24. OSREDNJA SLOVENSKA LIGA 2023"]
[Site "gostovanja"]
[Date "2023.10.26"]
[Round "6.4"]
[White "Borisek, Anze"]
[Black "Oblak, Tija"]
[Result "1-0"]
[WhiteElo "1882"]
[BlackElo "1105"]
[PlyCount "131"]
[EventDate "2023.10.26"]
[WhiteTeam "SK TRZIN BUSCOTRADE"]
[BlackTeam "DRUSTVO TOMO ZUPAN"]

1. f4 Nc6 2. Nf3 d6 3. d4 Bf5 4. d5 Nb4 5. Nd4 Be4 6. c4 Qd7 7. Qb3 c5 8. Nc3
Bg6 9. f5 Bxf5 10. Nxf5 Qxf5 11. e4 Qd7 12. a3 Na6 13. Bf4 e5 14. dxe6 fxe6 15.
O-O-O b6 16. Bxd6 Bxd6 17. e5 Qf7 18. exd6 Qf4+ 19. Kb1 O-O-O 20. g3 Qf3 21.
Bh3 Rxd6 22. Rxd6 Qxh1+ 23. Ka2 Nf6 24. Rxe6 Kb8 25. Na4 Re8 26. Nxb6 Rxe6 27.
Nd7+ Kc7 28. Bxe6 Nxd7 29. Bd5 Qxh2 30. Qb7+ Kd8 31. Qxa6 Qxg3 32. Qxa7 Qc7 33.
Qa8+ Qb8 34. Qa5+ Qb6 35. Qc3 Nf6 36. Qe5 Qc7 37. Qe6 Nxd5 38. Qxd5+ Kc8 39.
Qg8+ Kb7 40. Qxh7 Qf7 41. Qe4+ Kb6 42. a4 Qb7 43. Qd3 Qc6 44. Qd8+ Qc7 45.
Qxc7+ Kxc7 46. Kb1 Kd6 47. Kc1 Ke5 48. Kd2 g5 49. Ke3 Kd6 50. Kf3 Kc6 51. Kg4
Kb6 52. Kxg5 Ka5 53. b3 Kb4 54. Kf4 Ka5 55. Ke4 Kb4 56. Kd5 Ka5 57. Kxc5 Ka6
58. b4 Ka7 59. a5 Ka8 60. b5 Ka7 61. Kc6 Kb8 62. Kd7 Kb7 63. c5 Kb8 64. c6 Ka8
65. b6 Kb8 66. c7+ 1-0

[Event "24. OSREDNJA SLOVENSKA LIGA 2023"]
[Site "gostovanja"]
[Date "2023.10.26"]
[Round "6.1"]
[White "Baric, Dusan"]
[Black "Plaskan, Jure"]
[Result "0-1"]
[WhiteElo "1943"]
[BlackElo "2261"]
[PlyCount "70"]
[EventDate "2023.10.26"]
[WhiteTeam "SK VISNJA GORA - STICNA"]
[BlackTeam "SD DOMZALE"]

1. e4 c5 2. c3 Nf6 3. e5 Nd5 4. Nf3 Nc6 5. Bc4 Nb6 6. Bb3 d5 7. d4 cxd4 8. cxd4
Bg4 9. Be3 a5 10. a4 e6 11. O-O Be7 12. h3 Bh5 13. g4 Bg6 14. Bc2 Bxc2 15. Qxc2
O-O 16. Nc3 f6 17. Qe2 fxe5 18. Nxe5 Nxe5 19. dxe5 Nc4 20. Bd4 Bg5 21. Rad1 Bf4
22. b3 Nb6 23. Rd3 Nd7 24. Nb5 b6 25. Kg2 Rc8 26. Rc3 Rxc3 27. Nxc3 Qg5 28. Re1
h5 29. Nb5 Nc5 30. Bxc5 bxc5 31. Nc7 Qe7 32. Nb5 Qd8 33. f3 hxg4 34. fxg4 Qh4
35. Qd3 Qxe1 0-1

[Event "24. OSREDNJA SLOVENSKA LIGA 2023"]
[Site "gostovanja"]
[Date "2023.10.26"]
[Round "6.2"]
[White "Skok, Joze"]
[Black "Medvesek, Janez"]
[Result "0-1"]
[WhiteElo "1930"]
[BlackElo "1836"]
[PlyCount "116"]
[EventDate "2023.10.26"]
[WhiteTeam "SD DOMZALE"]
[BlackTeam "SK VISNJA GORA - STICNA"]

1. e4 c6 2. d3 d5 3. Nd2 e5 4. Ngf3 Bd6 5. g3 Nf6 6. Bg2 O-O 7. O-O Ne8 8. Re1
d4 9. c3 c5 10. Nc4 Nc6 11. Nxd6 Nxd6 12. cxd4 cxd4 13. b3 Qa5 14. a3 Qb6 15.
Nd2 Be6 16. Nc4 Nxc4 17. bxc4 Qc7 18. f4 f6 19. f5 Bf7 20. Bd2 Rfb8 21. Rb1 b6
22. Qc2 Nd8 23. Rec1 Nb7 24. Bb4 Nc5 25. Bxc5 bxc5 26. Rxb8+ Rxb8 27. Rb1 Be8
28. Bf3 Rb6 29. Rxb6 Qxb6 30. Kf2 Kf8 31. Bd1 Ke7 32. Qb3 Kd6 33. Qxb6+ axb6
34. Ke1 Kc7 35. Kd2 Kb7 36. Kc1 Ka6 37. Kb2 Ka5 38. Bc2 b5 39. Bb3 b4 40. Ka2
Bh5 41. Bc2 bxa3 42. Kxa3 Be2 43. Kb3 Bh5 44. Bb1 Bd1+ 45. Kb2 Kb4 46. Ba2 Ba4
47. h3 Bd1 48. Bb1 Bb3 49. g4 Bd1 50. Kc1 Ba4 51. Kd2 Ka3 52. Kc1 Bb3 53. h4 h6
54. Bc2 Bxc2 55. Kxc2 Ka2 56. h5 Ka3 57. Kc1 Kb3 58. Kd2 Kb2 0-1

[Event "24. OSREDNJA SLOVENSKA LIGA 2023"]
[Site "gostovanja"]
[Date "2023.10.26"]
[Round "6.3"]
[White "Jancigaj, Saso Valentin"]
[Black "Faganel, Kaja"]
[Result "0-1"]
[WhiteElo "1673"]
[BlackElo "1615"]
[PlyCount "98"]
[EventDate "2023.10.26"]
[WhiteTeam "SK VISNJA GORA - STICNA"]
[BlackTeam "SD DOMZALE"]

1. f4 d5 2. Nf3 c5 3. e3 Nf6 4. d4 e6 5. c3 Be7 6. Bd3 b6 7. Nbd2 O-O 8. O-O
Ba6 9. Qc2 Bxd3 10. Qxd3 c4 11. Qc2 Ng4 12. Re1 Nd7 13. e4 b5 14. e5 a5 15. Nf1
Qb6 16. h3 Nh6 17. g4 f6 18. Ng3 fxe5 19. Nxe5 Nxe5 20. fxe5 Bh4 21. Kg2 Rf7
22. Bxh6 gxh6 23. Rf1 Raf8 24. Rxf7 Rxf7 25. Rf1 Qc7 26. Nh5 Rxf1 27. Kxf1 Qf7+
28. Kg2 Qg6 29. Qe2 Qd3 30. Qxd3 cxd3 31. Kf3 Bg5 32. Nf6+ Bxf6 33. exf6 Kf7
34. Ke3 Kxf6 35. Kxd3 Kg5 36. Ke3 Kh4 37. Kf4 Kxh3 38. Kf3 Kh4 39. Kf4 h5 40.
g5 Kh3 41. Kf3 h4 42. b3 a4 43. bxa4 bxa4 44. a3 Kh2 45. Kf2 h3 46. Kf1 Kg3 47.
Kg1 Kg4 48. Kh2 Kxg5 49. Kxh3 Kf4 0-1

[Event "24. OSREDNJA SLOVENSKA LIGA 2023"]
[Site "gostovanja"]
[Date "2023.10.26"]
[Round "6.4"]
[White "Timagina, Sofia"]
[Black "Ivanjko, Zan"]
[Result "1-0"]
[WhiteElo "1463"]
[BlackElo "1000"]
[PlyCount "77"]
[EventDate "2023.10.26"]
[WhiteTeam "SD DOMZALE"]
[BlackTeam "SK VISNJA GORA - STICNA"]

1. e4 e6 2. d4 b6 3. Nd2 Bb7 4. Bd3 Qg5 5. Nf1 Qd8 6. Nf3 d5 7. e5 c5 8. c3 Qc8
9. Ng3 Ba6 10. O-O Bxd3 11. Qxd3 Qa6 12. Qd1 Ne7 13. Be3 Nec6 14. Nd2 Qd3 15.
Qg4 Qg6 16. Qe2 h5 17. f4 f5 18. dxc5 Bxc5 19. Bxc5 bxc5 20. Qb5 a6 21. Qb7 Ra7
22. Qc8+ Nd8 23. Qxb8 Rb7 24. Qd6 Rxb2 25. Rf2 h4 26. Ngf1 Qf7 27. Qxa6 Rb7 28.
Rb1 Rc7 29. Nf3 Qe7 30. Rfb2 g5 31. Nxg5 Rg8 32. Rb8 Rxg5 33. fxg5 Rd7 34. g6
Kf8 35. R1b6 Kg7 36. Rd6 Ra7 37. Qb6 Rxa2 38. Qxd8 Rxg2+ 39. Kxg2 1-0

[Event "24. OSREDNJA SLOVENSKA LIGA 2023"]
[Site "gostovanja"]
[Date "2023.10.26"]
[Round "6.1"]
[White "Veskovic, Dzemal"]
[Black "Skok, Boris"]
[Result "1-0"]
[WhiteElo "1824"]
[BlackElo "1938"]
[PlyCount "147"]
[EventDate "2023.10.26"]
[WhiteTeam "SD MENGES - TRZIN"]
[BlackTeam "SD CRNI GRABEN"]

1. e4 c5 2. Nc3 e6 3. Nf3 Nc6 4. d4 cxd4 5. Nxd4 Qc7 6. a3 a6 7. Be3 Nf6 8. Be2
Be7 9. g3 d6 10. O-O Bd7 11. Bf3 Ne5 12. Bg2 h5 13. h3 g6 14. Nce2 Nc4 15. Bc1
h4 16. b3 Nb6 17. c4 e5 18. Nc2 hxg3 19. fxg3 Bxh3 20. Bxh3 Rxh3 21. Kg2 Rh7
22. Nc3 Qd7 23. Rh1 O-O-O 24. Rxh7 Nxh7 25. Be3 Na8 26. Nd5 Bg5 27. Qh1 Bxe3
28. Qxh7 Bg5 29. Rf1 Rf8 30. Qg7 Qe8 31. Ne1 Nc7 32. Nxc7 Kxc7 33. Nd3 Kb8 34.
Nb4 f6 35. Nd5 Qf7 36. Qxf7 Rxf7 37. g4 Kc8 38. a4 a5 39. Rh1 f5 40. gxf5 gxf5
41. Rh5 Rg7 42. exf5 Kd7 43. Kf3 Bd8 44. Rh8 Rf7 45. Ke4 b6 46. Ne3 Bg5 47. Ng4
Kc6 48. Rc8+ Kb7 49. Rg8 Be7 50. Rg6 Kc7 51. f6 Bf8 52. Kf5 Kd7 53. Ne3 Rh7 54.
Nd5 Rh1 55. Nxb6+ Kc6 56. Nd5 Kc5 57. Rg8 Bh6 58. Ke6 e4 59. f7 e3 60. Nxe3 Re1
61. Rc8+ Kb4 62. f8=Q Rxe3+ 63. Kxd6 Bxf8+ 64. Rxf8 Rd3+ 65. Kc6 Kxb3 66. Kb5
Rc3 67. c5 Ka3 68. c6 Kb3 69. Rf4 Rg3 70. c7 Rg8 71. Kb6 Ka3 72. Kb7 Re8 73.
c8=Q Re7+ 74. Qc7 1-0

[Event "24. OSREDNJA SLOVENSKA LIGA 2023"]
[Site "gostovanja"]
[Date "2023.10.26"]
[Round "6.2"]
[White "Hribar, Janez"]
[Black "Sedlar, Tomo"]
[Result "1/2-1/2"]
[WhiteElo "1888"]
[BlackElo "1783"]
[PlyCount "65"]
[EventDate "2023.10.26"]
[WhiteTeam "SD CRNI GRABEN"]
[BlackTeam "SD MENGES - TRZIN"]

1. d4 d5 2. c4 c6 3. Nc3 Nf6 4. cxd5 Nxd5 5. e4 Nxc3 6. bxc3 e5 7. d5 Bc5 8.
Qb3 Qh4 9. Qc2 O-O 10. Bd3 cxd5 11. g3 Qe7 12. exd5 e4 13. Bc4 Bf5 14. Be3 Bxe3
15. fxe3 Qc5 16. Be2 Qxe3 17. Qd2 Qc5 18. Rd1 Nd7 19. g4 Bg6 20. h4 f5 21. Qd4
Rac8 22. h5 Be8 23. h6 Qxc3+ 24. Qxc3 Rxc3 25. hxg7 Kxg7 26. Nh3 Bg6 27. Nf4
Rfc8 28. Ne6+ Kf6 29. gxf5 Kxf5 30. Nd4+ Ke5 31. Bg4 Nf6 32. Bxc8 Rxc8 33. Rg1
1/2-1/2

[Event "24. OSREDNJA SLOVENSKA LIGA 2023"]
[Site "gostovanja"]
[Date "2023.10.26"]
[Round "6.3"]
[White "Simicak, Metod"]
[Black "Osolin, Bogdan"]
[Result "1/2-1/2"]
[WhiteElo "1741"]
[BlackElo "1965"]
[PlyCount "120"]
[EventDate "2023.10.26"]
[WhiteTeam "SD MENGES - TRZIN"]
[BlackTeam "SD CRNI GRABEN"]

1. e4 e5 2. Nc3 Nf6 3. Nf3 Nc6 4. d4 exd4 5. Nxd4 Bb4 6. Bg5 h6 7. Nxc6 bxc6 8.
Bd2 O-O 9. Bd3 Re8 10. Qe2 Qe7 11. f3 d5 12. O-O-O dxe4 13. Nxe4 Bxd2+ 14. Qxd2
Be6 15. Qc3 Nd5 16. Qc5 Nb4 17. a3 Qxc5 18. Nxc5 Nd5 19. Rhe1 Nf4 20. g3 Nxd3+
21. Rxd3 Bd5 22. Rde3 Rxe3 23. Rxe3 Be6 24. b3 Rd8 25. g4 Rd6 26. c4 g6 27. Kc2
Kg7 28. Na6 Rd7 29. Rd3 Re7 30. Kd2 Kf6 31. Nb8 Kg5 32. Nxc6 Re8 33. Nxa7 Ra8
34. Nb5 c6 35. Nd4 Rxa3 36. Nxe6+ fxe6 37. Ke3 c5 38. h3 Ra1 39. Rd6 Rb1 40.
Rc6 Rxb3+ 41. Ke4 Kf6 42. Rxc5 Rb1 43. h4 Re1+ 44. Kf4 e5+ 45. Kg3 Rg1+ 46. Kf2
Rh1 47. Rc6+ Kf7 48. Kg3 Rg1+ 49. Kh2 Rc1 50. c5 Rc3 51. Kg2 Rc2+ 52. Kg3 Rc3
53. Kf2 h5 54. g5 Rc4 55. Kg3 Rc3 56. Rf6+ Kg7 57. c6 e4 58. Kf2 exf3 59. Rd6
Kf7 60. Rd7+ Ke6 1/2-1/2

[Event "24. OSREDNJA SLOVENSKA LIGA 2023"]
[Site "gostovanja"]
[Date "2023.10.26"]
[Round "6.4"]
[White "Majcen, Zoran"]
[Black "Grasic, Marjan"]
[Result "1-0"]
[WhiteElo "1800"]
[BlackElo "1625"]
[PlyCount "93"]
[EventDate "2023.10.26"]
[WhiteTeam "SD CRNI GRABEN"]
[BlackTeam "SD MENGES - TRZIN"]

1. e4 e5 2. d4 Nc6 3. Nf3 d6 4. dxe5 Nxe5 5. Nxe5 dxe5 6. Qxd8+ Kxd8 7. Bc4 Be6
8. Bxe6 fxe6 9. O-O Nf6 10. f3 Bc5+ 11. Kh1 Ke7 12. b3 h5 13. Ba3 Bxa3 14. Nxa3
a6 15. Nc4 Nd7 16. Rad1 Rad8 17. Rd2 b5 18. Na5 Nb8 19. Rfd1 Rxd2 20. Rxd2 Rd8
21. Rxd8 Kxd8 22. Kg1 Kd7 23. Kf2 Nc6 24. Nxc6 Kxc6 25. Ke3 Kc5 26. g4 hxg4 27.
fxg4 g5 28. c3 a5 29. Kf3 Kd6 30. h4 gxh4 31. g5 c5 32. c4 bxc4 33. bxc4 Ke7
34. Kg4 Kf7 35. Kxh4 Kg6 36. Kg4 a4 37. Kh4 a3 38. Kg4 Kg7 39. Kh5 Kh7 40. g6+
Kg8 41. Kg4 Kf8 42. Kh4 Kg8 43. Kh5 Kg7 44. Kg5 Kg8 45. Kf6 Kh8 46. Kxe6 Kg7
47. Kf5 1-0

[Event "24. OSREDNJA SLOVENSKA LIGA 2023"]
[Site "gostovanja"]
[Date "2023.10.26"]
[Round "6.1"]
[White "Kutin, Dusan"]
[Black "Sfiligoj, Anze"]
[Result "1/2-1/2"]
[WhiteElo "1721"]
[BlackElo "1651"]
[PlyCount "105"]
[EventDate "2023.10.26"]
[WhiteTeam "KPSRD KAREL JERAJ"]
[BlackTeam "SK LJUBLJANA"]

1. e4 e5 2. Nf3 Nc6 3. Nc3 Nf6 4. h3 Be7 5. a3 a6 6. Be2 d5 7. exd5 Nxd5 8. O-O
O-O 9. d4 exd4 10. Nxd4 Nxc3 11. bxc3 Qd6 12. Be3 Bf6 13. Bd3 g6 14. Bh6 Re8
15. Re1 Bd7 16. Nxc6 Bxc6 17. Qd2 Rad8 18. Rxe8+ Rxe8 19. Bc4 Qxd2 20. Bxd2 b5
21. Bd3 Bd5 22. f3 c5 23. Kf2 c4 24. Be2 Be6 25. Ra2 Rd8 26. Be1 Kg7 27. Kf1
Be5 28. Kf2 g5 29. a4 Bf5 30. axb5 axb5 31. g4 Be6 32. Ra6 Rd6 33. Ra2 f5 34.
Kf1 fxg4 35. hxg4 Bd5 36. Ra7+ Kg6 37. Ra2 Rf6 38. Kg2 h5 39. gxh5+ Kxh5 40.
Ra7 g4 41. Kf1 gxf3 42. Bd1 Kg6 43. Bd2 Bg3 44. Be3 Kf5 45. Rg7 Be5 46. Rg5+
Ke4 47. Rxe5+ Kxe5 48. Bd4+ Ke6 49. Bxf6 Kxf6 50. Kf2 Be4 51. Bxf3 Bxc2 52. Ke3
Ke5 53. Bc6 1/2-1/2

[Event "24. OSREDNJA SLOVENSKA LIGA 2023"]
[Site "gostovanja"]
[Date "2023.10.26"]
[Round "6.2"]
[White "Belyaletdinov, Leonard"]
[Black "Vertacnik, Viktor"]
[Result "1-0"]
[WhiteElo "1546"]
[BlackElo "1549"]
[PlyCount "53"]
[EventDate "2023.10.26"]
[WhiteTeam "SK LJUBLJANA"]
[BlackTeam "KPSRD KAREL JERAJ"]

1. d4 d5 2. c4 e6 3. g3 Nf6 4. Bg2 Be7 5. Bg5 Nbd7 6. Nc3 c6 7. cxd5 Nxd5 8.
Bxe7 Qxe7 9. e4 Nxc3 10. bxc3 b6 11. Ne2 O-O 12. f4 Re8 13. O-O Bb7 14. g4 c5
15. Ng3 Rad8 16. Qe2 a6 17. Rab1 b5 18. e5 Bd5 19. Bxd5 exd5 20. Qg2 Nb6 21. f5
cxd4 22. cxd4 Qg5 23. Rbc1 Qxg4 24. Kh1 Qxd4 25. Nh5 g6 26. Qg5 Nd7 27. Qh6 1-0

[Event "24. OSREDNJA SLOVENSKA LIGA 2023"]
[Site "gostovanja"]
[Date "2023.10.26"]
[Round "6.3"]
[White "Cizman, Gregor"]
[Black "Glavac, Leo"]
[Result "1-0"]
[WhiteElo "1504"]
[BlackElo "1411"]
[PlyCount "153"]
[EventDate "2023.10.26"]
[WhiteTeam "KPSRD KAREL JERAJ"]
[BlackTeam "SK LJUBLJANA"]

1. d4 d5 2. Nf3 c6 3. c3 Nf6 4. Bf4 a6 5. e3 Bf5 6. Nbd2 e6 7. Be2 Bd6 8. a3
O-O 9. O-O Qc7 10. Ne5 Nbd7 11. Nxd7 Nxd7 12. Bxd6 Qxd6 13. Re1 e5 14. Nf3 e4
15. Nd2 Rae8 16. c4 Qh6 17. cxd5 cxd5 18. Bg4 Bxg4 19. Qxg4 f5 20. Qh3 Qf6 21.
Rac1 Nb8 22. g3 Re7 23. Rc5 Qd6 24. Rec1 Nc6 25. Nb3 g5 26. Na5 Nxa5 27. Rxa5
b6 28. Rxa6 f4 29. Rc8 Rc7 30. Rxf8+ Kxf8 31. Qf5+ Ke7 32. Qxg5+ Kd7 33. Qxf4
Qe6 34. Kg2 Kc6 35. Ra8 Rf7 36. Qb8 Qf6 37. Qe8+ Rd7 38. Rc8+ Kd6 39. Qf8+ Qxf8
40. Rxf8 Kc6 41. Rc8+ Kb5 42. Rc2 h5 43. Kf1 h4 44. Ke1 hxg3 45. hxg3 Rd6 46.
b3 Rf6 47. Ke2 Rf7 48. g4 Ra7 49. Ra2 Rh7 50. Ra1 Rh8 51. g5 Kc6 52. g6 Kd6 53.
a4 Ke6 54. Rc1 Kf5 55. g7 Rg8 56. Rc6 Rxg7 57. Rxb6 Ra7 58. Rb5 Ke6 59. a5 Kd6
60. b4 Rc7 61. Rb6+ Kd7 62. a6 Rc2+ 63. Kf1 Rc1+ 64. Kg2 Kc7 65. Rb7+ Kc6 66.
b5+ Kd6 67. a7 Ra1 68. b6 Kc6 69. Rb8 Kb5 70. a8=Q Rc1 71. Qxd5+ Kb4 72. b7 Kc3
73. Rc8+ Kd2 74. Rxc1 Kd3 75. Qb5+ Kd2 76. Qb2+ Kd3 77. Rc3# 1-0

[Event "24. OSREDNJA SLOVENSKA LIGA 2023"]
[Site "gostovanja"]
[Date "2023.10.26"]
[Round "6.4"]
[White "Golob, David"]
[Black "Kanc, Ignacij"]
[Result "1-0"]
[WhiteElo "1500"]
[BlackElo "1364"]
[PlyCount "101"]
[EventDate "2023.10.26"]
[WhiteTeam "SK LJUBLJANA"]
[BlackTeam "KPSRD KAREL JERAJ"]

1. e4 d6 2. Bc4 e6 3. Nc3 c6 4. d3 Be7 5. a3 Bf6 6. Nge2 Ne7 7. Bb3 Nd7 8. Bd2
Nc5 9. Ba2 O-O 10. g4 Bh4 11. Ng3 Ng6 12. f4 d5 13. Qf3 Nd7 14. O-O-O b5 15.
exd5 cxd5 16. Nxb5 Qb6 17. Nc3 Rb8 18. Na4 Qb5 19. Bb3 Rd8 20. Ne2 Nc5 21. Nxc5
Qxc5 22. d4 Qc6 23. g5 Rd7 24. Bb4 Rdb7 25. Qc3 Qb5 26. Rd3 Bd7 27. Rf1 Rc8 28.
Bc5 a5 29. a4 Qa6 30. Rff3 Rb4 31. Bxb4 Rxc3 32. Bxc3 Ne7 33. Kd1 Nf5 34. Rh3
Qb6 35. Ng1 f6 36. Nf3 fxg5 37. fxg5 Bf2 38. Ke2 Bxd4 39. Nxd4 Nxd4+ 40. Bxd4
Qd6 41. Rhg3 e5 42. Bc3 Be6 43. Rde3 d4 44. Bxe6+ Kh8 45. Rd3 Qxe6 46. Bxa5 Qc6
47. Bd2 Qe4+ 48. Kf2 h5 49. Rdf3 Qxc2 50. Rf8+ Kh7 51. g6+ 1-0

[Event "24. OSREDNJA SLOVENSKA LIGA 2023"]
[Site "gostovanja"]
[Date "2023.10.26"]
[Round "6.1"]
[White "Lanjscek, Miha"]
[Black "Porenta, Matija"]
[Result "0-1"]
[WhiteElo "1785"]
[BlackElo "1769"]
[PlyCount "106"]
[EventDate "2023.10.26"]
[WhiteTeam "SK TRZIN PEKOS PUB"]
[BlackTeam "SK MEDVODE"]

1. d4 Nf6 2. c4 g6 3. Nc3 Bg7 4. e4 d6 5. Nf3 Nc6 6. Be2 O-O 7. O-O e5 8. Be3
Ng4 9. Bg5 f6 10. Bh4 Nh6 11. dxe5 Nxe5 12. Nxe5 dxe5 13. Qxd8 Rxd8 14. Nd5 g5
15. Bg3 c6 16. Ne7+ Kf7 17. Nxc8 Raxc8 18. Rfd1 Bf8 19. f3 Bc5+ 20. Bf2 Bxf2+
21. Kxf2 b6 22. g3 Ke7 23. Ke3 Rxd1 24. Rxd1 Rd8 25. Rxd8 Kxd8 26. h4 Ke7 27.
hxg5 fxg5 28. f4 gxf4+ 29. gxf4 exf4+ 30. Kxf4 Kf6 31. b4 Nf7 32. a4 c5 33.
bxc5 bxc5 34. Bg4 Ne5 35. Be2 Ng6+ 36. Ke3 Ke5 37. Bf3 a5 38. Bh5 Nf4 39. Bf3
Ne6 40. Bg4 Nc7 41. Bf5 h6 42. Kd3 Kf4 43. Kc3 Na8 44. Bg6 Nb6 45. Kb3 Kg5 46.
Bf5 h5 47. Bh3 Kf4 48. Bf5 Ke5 49. Bg6 h4 50. Bf5 Kd4 51. Bh3 Kxe4 52. Bg2+ Ke3
53. Bh3 Kf2 0-1

[Event "24. OSREDNJA SLOVENSKA LIGA 2023"]
[Site "gostovanja"]
[Date "2023.10.26"]
[Round "6.2"]
[White "Jese, Janez"]
[Black "Konvalinka, Kostja"]
[Result "1-0"]
[WhiteElo "1718"]
[BlackElo "1726"]
[PlyCount "93"]
[EventDate "2023.10.26"]
[WhiteTeam "SK MEDVODE"]
[BlackTeam "SK TRZIN PEKOS PUB"]

1. e4 c5 2. Nf3 d6 3. d4 cxd4 4. Nxd4 Nf6 5. Nc3 g6 6. f3 Bg7 7. Be3 O-O 8. Qd2
Re8 9. O-O-O Nc6 10. g4 Nxd4 11. Bxd4 e5 12. Be3 Bf8 13. Nb5 Be6 14. g5 Nh5 15.
Kb1 a6 16. Nxd6 Bxd6 17. Qxd6 Qxd6 18. Rxd6 Rad8 19. Rxd8 Rxd8 20. Bd3 Nf4 21.
Bxf4 exf4 22. b3 Kg7 23. Rd1 f5 24. Kc1 fxe4 25. Bxe4 Rxd1+ 26. Kxd1 b6 27. Kd2
h6 28. h4 hxg5 29. hxg5 Bf7 30. Kd3 Kf8 31. Bb7 a5 32. Ke4 a4 33. Kxf4 axb3 34.
axb3 Ke7 35. Ke5 Bg8 36. c4 Be6 37. Bd5 Bf5 38. Be4 Be6 39. Bxg6 b5 40. Bd3
bxc4 41. Bxc4 Bh3 42. f4 Bg4 43. f5 Kf8 44. Kf6 Bh5 45. g6 Ke8 46. g7 Bf7 47.
Bxf7+ 1-0

[Event "24. OSREDNJA SLOVENSKA LIGA 2023"]
[Site "gostovanja"]
[Date "2023.10.26"]
[Round "6.3"]
[White "Bajec, Borut"]
[Black "Cedilnik, Branko"]
[Result "1-0"]
[WhiteElo "1714"]
[BlackElo "1515"]
[PlyCount "37"]
[EventDate "2023.10.26"]
[WhiteTeam "SK TRZIN PEKOS PUB"]
[BlackTeam "SK MEDVODE"]

1. d4 Nf6 2. Nf3 e6 3. c4 d5 4. Nc3 c6 5. e3 Bb4 6. Bd3 Nbd7 7. O-O Bd6 8. e4
dxe4 9. Nxe4 Nxe4 10. Bxe4 h6 11. d5 cxd5 12. cxd5 Nf6 13. dxe6 Nxe4 14. Qa4+
Ke7 15. Qxe4 Bxe6 16. Nd4 g6 17. Re1 Qd7 18. Nxe6 Qxe6 19. Qxb7+ 1-0

[Event "24. OSREDNJA SLOVENSKA LIGA 2023"]
[Site "gostovanja"]
[Date "2023.10.26"]
[Round "6.4"]
[White "Krupenko, Andrej"]
[Black "Azinovic, Igor"]
[Result "1/2-1/2"]
[WhiteElo "1269"]
[BlackElo "1702"]
[PlyCount "120"]
[EventDate "2023.10.26"]
[WhiteTeam "SK MEDVODE"]
[BlackTeam "SK TRZIN PEKOS PUB"]

1. d4 d5 2. c4 c6 3. e3 Nf6 4. Nc3 g6 5. Nf3 Bg7 6. cxd5 cxd5 7. Bd3 O-O 8. Qc2
Nc6 9. a3 Bg4 10. Be2 Rc8 11. h3 Bf5 12. Bd3 Ne4 13. Nd2 Nxc3 14. Bxf5 e6 15.
Bxe6 fxe6 16. bxc3 e5 17. Qb2 Qh4 18. Nf3 Qf6 19. O-O e4 20. Nd2 b6 21. Qb3 Ne7
22. Bb2 Qg5 23. Rac1 Kh8 24. c4 Nf5 25. Qb4 Nh4 26. g3 Nf3+ 27. Nxf3 exf3 28.
cxd5 Qf5 29. Kh2 Qxd5 30. Rxc8 Rxc8 31. Rc1 Rxc1 32. Bxc1 Qc6 33. Qd2 Qc4 34.
Qd1 Qd5 35. Qd3 b5 36. Qb1 Qc4 37. Kg1 Qe2 38. Bb2 h5 39. Bc3 Kh7 40. Qe1 Qc4
41. Qd2 Bf8 42. Bb4 Bxb4 43. axb4 Qb3 44. Qe1 Qc4 45. Qb1 Kg7 46. Qd1 Qd5 47.
Qc1 Qb3 48. Qe1 Qe6 49. Qf1 a6 50. h4 Kf6 51. Qa1 Qc4 52. Qxa6+ Kf5 53. Qa1
Qxb4 54. Qd1 Ke4 55. d5 Qd6 56. Qd4+ Kf5 57. Qd3+ Kf6 58. Qxb5 Ke5 59. Qc4 Qxd5
60. Qc3+ Ke6 1/2-1/2

[Event "24. OSREDNJA SLOVENSKA LIGA 2023"]
[Site "gostovanja"]
[Date "2023.11.09"]
[Round "7.1"]
[White "Sfiligoj, Anze"]
[Black "Justin, Matjaz"]
[Result "1-0"]
[WhiteElo "1651"]
[BlackElo "2227"]
[PlyCount "105"]
[EventDate "2023.11.09"]
[WhiteTeam "SK LJUBLJANA"]
[BlackTeam "SD VRHNIKA"]

1. e4 c5 2. Nf3 d6 3. d4 cxd4 4. Nxd4 a6 5. Nc3 Nf6 6. f3 e5 7. Nb3 Be6 8. Be3
Nbd7 9. Be2 Be7 10. a4 b6 11. O-O O-O 12. Qd2 Qc7 13. Rfd1 Rfc8 14. Rac1 Bf8
15. Nd5 Bxd5 16. exd5 Nc5 17. Qb4 a5 18. Qb5 Nfd7 19. Nd2 f5 20. Nc4 Qd8 21. c3
Rcb8 22. Ra1 Nf6 23. b4 Ncd7 24. Kh1 g6 25. Rd2 Ne8 26. Rb1 Bg7 27. Rb3 Bf6 28.
Rd1 Qc7 29. Qc6 Bd8 30. Na3 Ndf6 31. Bb5 Qe7 32. Qc4 Rc8 33. Qe2 f4 34. Bf2 g5
35. Nc4 Qb7 36. Qd3 Rab8 37. Qf5 Qg7 38. Qe6+ Kh8 39. Nxd6 Nxd6 40. Qxd6 axb4
41. cxb4 g4 42. Qxe5 g3 43. Bd4 gxh2 44. Re1 Kg8 45. Qe6+ Kf8 46. d6 Rc2 47.
Qe8+ Nxe8 48. Rxe8+ Kf7 49. Bxg7 Rc1+ 50. Kxh2 Bh4 51. Re7+ Bxe7 52. dxe7 Kxe7
53. Bh6 1-0

[Event "24. OSREDNJA SLOVENSKA LIGA 2023"]
[Site "gostovanja"]
[Date "2023.11.09"]
[Round "7.2"]
[White "Siraj, Svit"]
[Black "Belyaletdinov, Leonard"]
[Result "1-0"]
[WhiteElo "1914"]
[BlackElo "1546"]
[PlyCount "83"]
[EventDate "2023.11.09"]
[WhiteTeam "SD VRHNIKA"]
[BlackTeam "SK LJUBLJANA"]

1. e4 c6 2. d4 d5 3. exd5 cxd5 4. Bd3 Nc6 5. c3 Nf6 6. Bf4 g6 7. Nf3 Bg7 8.
Nbd2 O-O 9. O-O e6 10. h3 h6 11. Ne5 g5 12. Bg3 Nd7 13. f4 f5 14. Nxc6 bxc6 15.
Qe2 Nf6 16. Nb3 Ne4 17. Bxe4 fxe4 18. Rf2 a5 19. Nc5 Ra7 20. Raf1 Raf7 21. a4
gxf4 22. Bxf4 Qh4 23. Qe3 Rf5 24. g4 R5f6 25. Qg3 Qxg3+ 26. Bxg3 Rg6 27. Be5
Rxf2 28. Rxf2 Bf8 29. Nb3 Ba6 30. Nxa5 e3 31. Rf6 Rxf6 32. Bxf6 Bd6 33. Kg2 e2
34. Bh4 Bf4 35. Be1 Bd3 36. Nxc6 Kg7 37. Kf3 Bb1 38. Nb4 Bc1 39. a5 e5 40. dxe5
d4 41. a6 d3 42. Nxd3 1-0

[Event "24. OSREDNJA SLOVENSKA LIGA 2023"]
[Site "gostovanja"]
[Date "2023.11.09"]
[Round "7.3"]
[White "Kovacic, Jakob"]
[Black "Praznik, Anton"]
[Result "0-1"]
[WhiteElo "1185"]
[BlackElo "2011"]
[PlyCount "90"]
[EventDate "2023.11.09"]
[WhiteTeam "SK LJUBLJANA"]
[BlackTeam "SD VRHNIKA"]

1. e4 d6 2. d4 Nf6 3. Nc3 g6 4. Be2 Bg7 5. h4 c5 6. dxc5 Qa5 7. Kf1 Qxc5 8. Rb1
a6 9. Be3 Qc7 10. h5 Be6 11. g4 gxh5 12. gxh5 h6 13. f4 Nbd7 14. Nh3 Bc4 15.
Nf2 Bxe2+ 16. Qxe2 Rc8 17. Rg1 Rg8 18. Ng4 Qc4 19. Bd2 Nxg4 20. Rxg4 Nf6 21.
Rh4 e6 22. Kf2 Rc5 23. Qxc4 Rxc4 24. Kf3 Ke7 25. Rg1 Bf8 26. Rxg8 Nxg8 27. b3
Rc5 28. b4 Rc4 29. Ke3 Bg7 30. Kd3 Rc6 31. Rg4 Kf8 32. b5 Rc5 33. bxa6 bxa6 34.
Na4 Rc6 35. Bb4 Nf6 36. Rh4 Ke8 37. Bc3 Ke7 38. Bb4 Nxe4 39. c3 f5 40. Rh2 a5
41. Rg2 Kf7 42. Ba3 d5 43. Bb2 Nc5+ 44. Nxc5 Rxc5 45. Rg6 Rc4 0-1

[Event "24. OSREDNJA SLOVENSKA LIGA 2023"]
[Site "gostovanja"]
[Date "2023.11.09"]
[Round "7.4"]
[White "Vodnik, Val"]
[Black "Tomazin Kosoro, Tadej"]
[Result "1-0"]
[WhiteElo "1556"]
[BlackElo "1000"]
[PlyCount "79"]
[EventDate "2023.11.09"]
[WhiteTeam "SD VRHNIKA"]
[BlackTeam "SK LJUBLJANA"]

1. d4 d5 2. c4 dxc4 3. e3 e6 4. Bxc4 Nf6 5. Nf3 c5 6. Nc3 Nc6 7. d5 exd5 8.
Nxd5 Nxd5 9. Bxd5 Bd7 10. Qb3 Qf6 11. Bd2 Rb8 12. Bc3 Qg6 13. Be5 Rd8 14. O-O
Bh3 15. Bg3 Bg4 16. Bxc6+ Qxc6 17. Ne5 Qe6 18. Nxg4 Qxg4 19. Qxb7 Be7 20. Qxa7
c4 21. Qa4+ Qd7 22. Qxc4 O-O 23. Qb3 Qf5 24. Rfd1 Rxd1+ 25. Rxd1 Rd8 26. Rxd8+
Bxd8 27. h3 h6 28. a4 Kh7 29. Qb5 Qxb5 30. axb5 Bb6 31. b4 Kg6 32. Bd6 Kf6 33.
Bc5 Bc7 34. b6 Bb8 35. Kf1 Ke6 36. Bf8 Be5 37. f4 Bb8 38. Bxg7 h5 39. Ke2 Kd6
40. Be5+ 1-0